000 00689nam a2200217 a 4500
005 20240910063911.0
008 120426s2006 es r 000 0 spa d
020 _a8478449698 (10 dígitos)
020 _a9788478449699 (13 dígitos)
035 _aUPN01000184263
049 _aI
050 4 _aPT2666 U5.4
_bA6.2
100 1 _aFunke, Cornelia,
_d1958-
_930125
245 1 1 _a¡Apártate de Mississippi! /
_cCornelia Funke ; tr. Rosa Pilar Blanco.
260 _aMadrid :
_bSiruela,
_c2006.
300 _a168 p. :
_bil.
440 4 _aLas tres edades ;
_v135
534 _pTítulo original :
_tHände weg von Mississipi
650 4 _aLiteratura juvenil alemana
_912357
905 _aInfantil
999 _c156366
_d156366